000 00431nam a2200181Ia 4500
001 23889
005 20260414151007.0
008 260414t2010||||xx |||||||||||||| ||spa||
041 _aESP
082 _a720.284
_bQ62
100 _aQuintana, Jorge Ignacio
_eAUT
245 0 _aEl croquis arquitectónico
_b
260 _c2010
300 _a268 páginas :
_c23 cm.
650 _aABD
654 _aCAU
942 _cLIB
_dJUS
_fJUS
_2ddc
_n
999 _c23889
_d23889